00625nam a22002054a 450000500170000000800410001701000140005802000100007203500130008203700150009504000180011008200110012810000250013924500700016426000350023427000110026930000230028050000410030352000750034420090821151337.0080806s2008 ii ab 000 0aeng  aENG-94804 c70.00 aEN-78337 bDBAD / PUB adplbEnglish  a882.08 aKumaran, P. Senthil  aAbsurd theatre and samuel backett plays /cby P. Senthil Kumaran  aSalembMSK Publications c2008 bSalem  a101p. c23cm(pbk)  aIncludes bibliographical references  aAutobiography of Pralhad P. Chhabria, founder of Finolex Group, India.